Literature: Blank & Blank Quiz Stats

 Plays Quiz Updated Apr 10, 2020

     
Support Sporcle.
Go Orange.
Score 0/40 Timer 07:00
1 Play Today
% Correct
Juliet
95.8%
Romeo
95.3%
Men
92.9%
Mice
92.6%
James
87.4%
Peach
87.3%
Prejudice
86.6%
Ham
86.4%
Pride
86.1%
Eggs
84.9%
Peace
83.8%
Punishment
83.3%
Crime
82.9%
War
80.8%
Present
78.4%
Clear
77.8%
Pauper
75.8%
Prince
74.2%
Fury
67.3%
Sound
65.3%
% Correct
Lovers
59.6%
Sons
56.5%
Zooey
49.6%
Franny
47.5%
Damned
43.3%
Beautiful
39.4%
Dombey
38.8%
Boy
38.3%
Glory
34.5%
Horse
32.8%
Master
32.7%
Power
31%
Margarita
30.8%
Son
30.8%
Pantagruel
30%
Black
27.5%
Moon
26%
Sixpence
25.5%
Red
24.6%
Gargantua
23.9%

From the Vault

The UK Referendum on EU Membership

by TheCleverone

History 12m
We at Sporcle are hoping that the UK stays in the EU, mainly because we just don't want to update all those quizzes.
Remove Ads.
Support Sporcle.
Get the best of Sporcle when you Go Orange. This ad-free experience offers more features, more stats, and more fun while also helping to support Sporcle. Thank you for becoming a member.

Show Comments

Extras

Top Quizzes Today


Score Distribution

Your Account Isn't Verified!

In order to create a playlist on Sporcle, you need to verify the email address you used during registration. Go to your Sporcle Settings to finish the process.

Report this User

Report this user for behavior that violates our Community Guidelines.

Details: